000 00380nam a22001697a 4500
003 MPLRDC
005 20220104123455.0
008 210129b ||||| |||| 00| 0 eng d
082 _a357.8 QY
100 _a不详
245 _a珠宝
_c
260 _a台湾
_b泉源出版社
_c1987
300 _b64
490 _a生活系列;17
650 _a宝石
942 _cBK
_o357.8 QY
999 _c11708
_d11698